00360 2200157 4500245003500000020002200035250001100057100001400068650001600082005001900098260003200117041001400149084000800163300002200171336000900193 aDrunken MolencPidi BaiqhText a978-602-7870-66-6 aCet. 5 aPidi Baiq aNovel Fiksi a20230110134928 aBandungbPastel Booksc2017 aIndonesia a813 a178 hlm. :cilus. atext